| 000 | 00546nam a2200205Ia 4500 | ||
|---|---|---|---|
| 005 | 20230103143852.0 | ||
| 008 | 131103s9999 xx 000 0 und d | ||
| 040 | _aLoreto College | ||
| 041 | _aEnglish | ||
| 082 |
_a822.09 _bTOM |
||
| 100 | _aTomlinson, T. B. | ||
| 245 | 2 |
_aA study of Elizabethan and Jacobean tragedy _cT. B. Tomlinson |
|
| 250 | _a1964 | ||
| 260 |
_aviii,293 p. _c22 cm. |
||
| 504 | _aIncludes index | ||
| 650 | _aEnglish Drama | ||
| 651 | _aTragedy,1558-1625 - History and Criticism | ||
| 850 | _aLCLIB | ||
| 942 | _cBK | ||
| 999 |
_c6754 _d57233 |
||